000 00471nam a2200145Ia 4500
008 231129s1994||||xx |||||||||||||| ||spa||
020 _a958-9180-37-X
040 _bspa
082 _a918.6116 M977u
100 _aMurillo Posada Amparo
245 0 _aUn mundo que se mueve como el rio : Historia regional del Magdalena medio
260 _c1994
264 _aInstituto Colombiano de Antropologia/Colcultura/P.N.R
942 _2ddc
_cBKS
999 _c25875
_d25875